Cities with a Stock Exchange - Statistics

General Stats
  • This quiz has been taken 56 times
    48 since last reset
  • The average score is 110 of 199
Answer Stats
Country: City: % Correct
Germany Berlin
91%
Argentina Buenos Aires
88%
Austria Vienna
88%
Germany Frankfurt
85%
Spain Madrid
85%
Italy Milan
85%
Germany Munich
85%
Brazil Rio de Janeiro
85%
Brazil São Paulo
85%
Japan Tokyo
85%
Canada Toronto
85%
Egypt Cairo
82%
Hong Kong Hong Kong
82%
Chile Santiago
82%
China Shanghai
82%
Australia Sydney
82%
Israel Tel Aviv
82%
European Union | Netherlands Amsterdam
79%
China Beijing
79%
Russia Moscow
79%
Norway Oslo
79%
Greece Athens
76%
Azerbaijan Baku
76%
Germany Hamburg
76%
Australia Melbourne
76%
Mexico Mexico City
76%
India Mumbai
76%
Canada | United States New York City
76%
Japan Osaka
76%
European Union Paris
76%
Czechia Prague
76%
Russia Saint Petersburg
76%
Sweden Stockholm
76%
Albania Tirana
76%
Algeria Algiers
74%
Bangladesh Dhaka
74%
Bolivia La Paz
74%
United Kingdom London
74%
Belarus Minsk
74%
Croatia Zagreb
74%
Egypt Alexandria
71%
Iraq Baghdad
71%
Spain Barcelona
71%
Serbia Belgrade
71%
Indonesia Jakarta
71%
South Africa Johannesburg
71%
Peru Lima
71%
Macau Macau
71%
Kenya Nairobi
71%
Panama Panama City
71%
Bosnia and Herzegovina Sarajevo
71%
Bulgaria Sofia
71%
Baltics Tallinn
71%
Iran Tehran
71%
Poland Warsaw
71%
Switzerland Zürich
71%
Colombia Bogotá
68%
Romania Bucharest
68%
South Africa Cape Town
68%
Guatemala Guatemala City
68%
Jamaica Kingston
68%
Malaysia Kuala Lumpur
68%
Philippines Manila
68%
Canada Montreal
68%
Baltics Riga
68%
Malta Valletta
68%
Baltics Vilnius
68%
Lebanon Beirut
65%
Morocco Casablanca
65%
United Arab Emirates Dubai
65%
Nigeria Lagos
65%
Ecuador Quito
65%
Dominican Republic Santo Domingo
65%
Singapore Singapore
65%
Libya Tripoli
65%
Mongolia Ulaanbaatar
65%
New Zealand Wellington
65%
European Union Brussels
62%
United States Chicago
62%
Nordics Copenhagen
62%
Qatar Doha
62%
Cayman Islands George Town
62%
Guyana Georgetown
62%
Vietnam Hanoi
62%
Nordics Helsinki
62%
Turkey Istanbul
62%
Kuwait Kuwait City
62%
Bahamas Nassau
62%
Saudi Arabia Riyadh
62%
Georgia Tbilisi
62%
Netherlands The Hague
62%
Jordan Amman
59%
Thailand Bangkok
59%
Venezuela Caracas
59%
Syria Damascus
59%
Gibraltar Gibraltar City
59%
Nepal Kathmandu
59%
Angola Luanda
59%
United States Miami
59%
Cyprus Nicosia
59%
Costa Rica San Jose
59%
Tunisia Tunis
59%
Spain Valencia
59%
Armenia Yerevan
59%
Ghana Accra
56%
Kazakhstan Astana
56%
United States Boston
56%
Moldova Chişinău
56%
Vietnam Ho Chi Minh City
56%
Ukraine Kyiv
56%
Slovenia Ljubljana
56%
Uruguay Montevideo
56%
South Korea Seoul
56%
North Macedonia Skopje
56%
Germany Stuttgart
56%
United Arab Emirates Abu Dhabi
53%
Kazakhstan Almaty
53%
Brazil Belo Horizonte
53%
Kyrgyzstan Bishkek
53%
Slovakia Bratislava
53%
Canada Calgary
53%
Tanzania Dar es Salaam
53%
Germany Düsseldorf
53%
Pakistan Karachi
53%
India Kolkata
53%
Bahrain Manama
53%
Namibia Windhoek
53%
Paraguay Asunción
50%
Sri Lanka Colombo
50%
Japan Nagoya
50%
United States Philadelphia
50%
Taiwan Taipei
50%
Uzbekistan Tashkent
50%
Laos Vientiane
50%
Myanmar Yangon
50%
Spain Bilbao
47%
South Korea Busan
47%
Maldives Malé
47%
Oman Muscat
47%
Montenegro Podgorica
47%
Barbados Bridgetown
44%
Bangladesh Chittagong
44%
Botswana Gaborone
44%
Sudan Khartoum
44%
El Salvador San Salvador
44%
Japan Sapporo
44%
Honduras Tegucigalpa
44%
Bhutan Thimphu
44%
Nigeria Abuja
41%
Tajikistan Dushanbe
41%
European Union Lisbon
41%
Nicaragua Managua
41%
Cambodia Phnom Penh
41%
Trinidad and Tobago Port of Spain
41%
Ivory Coast Abidjan
38%
European Union Dublin
38%
Ecuador Guayaquil
38%
Zimbabwe Harare
38%
Somalia Mogadishu
38%
Suriname Paramaribo
38%
Papua New Guinea Port Moresby
38%
Nordics Reykjavík
38%
Fiji Suva
38%
Seychelles Victoria
38%
Germany Hanover
35%
Uganda Kampala
35%
Gabon Libreville
35%
Mozambique Maputo
35%
Mauritius Port Louis
35%
Cape Verde Praia
35%
Turkmenistan Ashgabat
32%
Bermuda Hamilton
32%
Rwanda Kigali
29%
Lesotho Maseru
29%
Argentina Rosario
29%
Cameroon Douala
26%
Japan Fukuoka
26%
Zambia Lusaka
26%
Eswatini Mbabane
26%
Chile Valparaiso
18%
Bosnia and Herzegovina Banja Luka
15%
Faroe Islands Tórshavn
12%
Curacao Willemstad
12%
Malawi Blantyre
9%
China Dalian
9%
Guernsey Saint Peter Port
9%
Eastern Caribbean States Basseterre
6%
United States Jersey City
6%
Palestine Nablus
6%
Zimbabwe Victoria Falls
6%
India GIFT City
3%
China Zhengzhou
3%
Malaysia Labuan
0%
United States Lenexa
0%
Brazil Maringá
0%
India Navi Mumbai
0%
United Kingdom Slough
0%
No matching quizzes found
Score Distribution
Percent of People with Each Score
Percentile by Number Answered
Your Score History
You have not taken this quiz since the last reset